| 000 | 003120000a22000970004500 | ||
|---|---|---|---|
| 100 | 1 | _aMeek, Donald | |
| 245 | 1 | 0 | _aSurveying the saints : Reflections on recent writings on "Celtic christianity" |
| 300 | _aVol. 15, Num. 1 (1997), Páginas 50-60 | ||
| 773 | 0 | _tScottish Bulletin of Evangelical Theology | |
| 942 | _cANA | ||
| 999 |
_c55737 _d55737 |
||